| 000 | 00526nam a2200169 a 4500 | ||
|---|---|---|---|
| 005 | 20140412111310.0 | ||
| 008 | 030416s19uu xx 00 eng d | ||
| 020 | _a971-8637-41-9 | ||
| 050 |
_aFil 808.899282 _bR33 1990 |
||
| 100 | _aReyes, Lucia M. | ||
| 245 |
_aTinigban / _cby Lucia M. Reyes ; Dr. Lilia R. Cortez. |
||
| 260 |
_aPasig, Metro Manila : _bIntegrated Publishing House, _c1990. |
||
| 300 | _a1 v. (unp.) ; ill. | ||
| 440 | _aButterfly Story and Coloring Book | ||
| 650 | _aAetas, Filipinos | ||
| 999 |
_c103955 _d103955 |
||